| Tag |
First Indicator |
Second Indicator |
Subfields |
| LEADER |
00000cam a2200000 i 4500 |
| 001 |
in00000146549 |
| 005 |
20151003080205.0 |
| 008 |
800104s1877 enk 00010 eng d |
| 035 |
|
|
|a (OCoLC)01812558
|
| 035 |
|
|
|9 AAQ7058AM
|
| 040 |
|
|
|a TXA
|c TXA
|d UtOrBLW
|
| 049 |
|
|
|a TXAM
|c [1234757]
|
| 090 |
|
|
|a PR4759.H63
|b Y62
|
| 100 |
1 |
|
|a Hartley, John,
|d 1839-1915.
|
| 245 |
1 |
0 |
|a Yorkshire tales :
|b amusing sketches of Yorkshire life in the Yorkshire dialect /
|c by John Hartley.
|
| 264 |
|
1 |
|a London :
|b W. Nicholson,
|c [1877?-1916?]
|
| 300 |
|
|
|a 3 volumes :
|b portraits ;
|c 19 cm.
|
| 336 |
|
|
|a text
|b txt
|2 rdacontent
|
| 337 |
|
|
|a unmediated
|b n
|2 rdamedia
|
| 338 |
|
|
|a volume
|b nc
|2 rdacarrier
|
| 500 |
|
|
|a Volume 1 called series 1; volume 2 called series 2.
|
| 651 |
|
0 |
|a Yorkshire (England)
|
| 999 |
|
|
|a MARS
|
| 999 |
f |
f |
|s c885f544-89d5-3465-a41a-3b14fb255d40
|i 32fcf892-c084-35a2-9f0e-9d8c886465b7
|t 0
|
| 952 |
f |
f |
|p normal
|a Texas A&M University
|b College Station
|c Sterling C. Evans Library
|d Evans: Library Stacks
|t 0
|e PR4759.H63 Y62
|h Library of Congress classification
|i unmediated -- volume
|k v.1
|m A14806008582
|
| 952 |
f |
f |
|p normal
|a Texas A&M University
|b College Station
|c Sterling C. Evans Library
|d Evans: Library Stacks
|t 0
|e PR4759.H63 Y62
|h Library of Congress classification
|i unmediated -- volume
|k v.2
|m A14806008574
|
| 998 |
f |
f |
|a PR4759.H63 Y62
|s v.1-v.2
|t 0
|l Evans: Library Stacks
|